000
00311pab a2200145 454500
008
180718b1986 xxu||||| |||| 00| 0 eng d
100
_a
Bose, Pradip
245
_a
Youth and internatinalism
260
_c
1986
300
_a
9-11
362
_a
20 July
650
_a
Youth
773
_a
Janata
909
_a
21082
999
_c
21082
_d
21082